14 - Municipios de Córdoba - Estadísticas

Estadísticas generales
  • Esta prueba ha sido intentada 10.387 veces
  • La puntuación promedio es 46 de 82
Respuestas en el mapa
Las respuestas están codificadas por una escala verde-roja en el mapa de la prueba según el % correcto abajo.
 
Estadísticas de respuestas
Respuesta % Correcto
Córdoba
95%
Lucena
88%
Montilla
83%
Cabra
82%
Pozoblanco
82%
Puente Genil
78%
Montoro
77%
Palma del Río
74%
La Carlota
73%
Baena
71%
Priego de Córdoba
71%
Fernán-Núñez
69%
Rute
69%
Peñarroya-Pueblonuevo
66%
Villanueva de Córdoba
66%
Aguilar de la Frontera
64%
Almodóvar del Río
64%
Almodóvar del Río
64%
Espejo
63%
Monturque
63%
Moriles
62%
Villafranca de Córdoba
62%
Castro del Río
61%
El Carpio
61%
Hornachuelos
61%
La Rambla
61%
La Rambla
61%
La Rambla
61%
Espiel
60%
Montalbán de Córdoba
60%
Posadas
60%
Villa del Río
60%
Adamuz
59%
Bujalance
59%
Fuente Obejuna
59%
Fuente Palmera
59%
Fuente Palmera
59%
Hinojosa del Duque
59%
Zuheros
59%
Benamejí
58%
Villaviciosa de Córdoba
58%
Iznájar
57%
Belmez
56%
Luque
56%
Montemayor
56%
Pedroche
56%
Doña Mencia
54%
Dos Torres
54%
El Viso
54%
Santaella
53%
Obejo
51%
Pedro Abad
51%
Cardeña
50%
Carcabuey
49%
Nueva carteya
48%
Belalcázar
47%
Añora
45%
Cañete de las Torres
45%
Villanueva del Duque
45%
Villanueva del Rey
45%
Alcaracejos
44%
Almedinilla
44%
Encinas Reales
43%
Villaharta
43%
La Victoria
42%
La Victoria
42%
La Victoria
42%
Palenciana
41%
Santa Eufemia
41%
Valenzuela
41%
San Sebastián de los Ballesteros
40%
Guadalcázar
39%
Conquista
38%
Fuente la Lancha
38%
Torrecampo
38%
El Guijo
37%
Los Blázquez
36%
La Granjuela
34%
Valsequillo
34%
Villaralto
34%
Fuente-Tojar
33%
Fuente Carreteros
32%
No se encontraron pruebas coincidentes
Distribución de puntuación
Porcentaje de gente con cada puntuación
Porcentaje por número respondido
Historial de tus puntuaciones
No has intentado esta prueba.